000 00540 a2200145 4500
082 _a378.242
100 _aShahryar Gul Shaikh
_992407
245 _aBizonline: Merchant toolkit for smart shopping [Project BIT1]
_cShahryar Gul Shaikh
260 _aIsalamabad,
_bNUST Institute of Information Technology,
_c2004.
300 _avi, 76 p. :
_bill. ;
_c27 cm.
_eCD-ROM
500 _aSupervisor : Mr. Shahzad Khan.
650 _aOnline Shopping
_992408
856 _uhttp://10.250.8.41:8080/xmlui/handle/123456789/9099
942 _cPR
_k378.242 SHA
_2ddc
999 _c8889
_d8889